000 00649nam a2200277Ia 4500
005 20260324133841.0
008 008 260324s9999 xx 000 0 eng d
020 _a9781315183534
037 _aEBOOK
040 _aCRL
040 _beng
040 _cCRL
041 _2eng
041 _aeng
084 _qCRL
100 _aMichael Ferguson
_91194631
245 4 _aThe Rise of Management Consulting in Britain
260 _bTaylor and Francis
260 _c2002
365 _a
365 _b180
856 _uhttp://www.taylorfrancis.com/books/9781315183534
942 _cEBOOK
999 _c1794104
_d1794104